000 00470cam a22001337a 4500
008 180718b2003 xxu||||| |||| 00| 0 eng d
082 _aA81x54 01/36/Pap3/01
100 _aCensus of India 2001
245 _aAndaman and Nicobar Islands: provisional population totals
260 _aDelhi
_bThe Controller of Publications
_c2003
300 _a94+p.
440 _aCensus of India 2001. Series-36, Andaman and Nicobar Islands
650 _aAndaman and Nicobar Islands - Census
999 _c492164
_d492164